MARC

LEADER 00000nam0a2200000 4500
001 276123
005 20231101234905.0
020 |a RU  |b 86-9324 
035 |a (RuTPU)RU\TPU\book\299381 
090 |a 276123 
100 |a 20141119d1986 k y0rusy5003 ca 
101 0 |a rus 
102 |a RU 
105 |a a z 001zy 
200 1 |a Дисковые насосы  |f В. И. Мисюра, Б. В. Овсянников, В. Ф. Присняков 
210 |a Москва  |c Машиностроение  |d 1986 
215 |a 110 с.  |c ил. 
320 |a Библиогр.: с. 111 (16 назв.) 
606 1 |a Насосы дисковые  |2 stltpush  |3 (RuTPU)RU\TPU\subj\44979  |9 64247 
610 1 |a ламинарное иечение 
610 1 |a турбулентное течение 
610 1 |a испытание 
610 1 |a исследования 
610 1 |a кавитационные свойства 
675 |a 621.65  |z rus  |v 4 
700 1 |a Мисюра  |b В. И.  |g Владимир Иванович  |4 070 
701 1 |a Овсянников  |b Б. В.  |g Борис Викторович 
701 1 |a Присняков  |b В. Ф.  |g Владимир Федорович 
801 0 |a RU  |b RuMRKP  |c 19950704  |g psbo 
801 1 |a RU  |b 63413507  |c 20141119 
801 2 |a RU  |b 63413507  |c 20170131  |g RCR 
942 |c BK